00489nam a2200193 a 4500001001300000003000900013005001700022008004100039020002600080082001300106100001700119245002700136260003600163300000900199500003500208505001000243650002500253700001700278nice12345678IN_TiNIC20260116011634.0050524s1971 newa grp 000 0 eng  a0687467 c185.6500a291bBAC aBach, Marcus aStrangers at the Door. aNew YorkbAbingdon Press c1971 a189p aincludes index and biblioraphy2 aIndex aComparative Religion1 aBach, Marcus